Countries That Don't Exist - Sudden Death - Statistics

General Stats
  • This quiz has been taken 570 times
  • The average score is 16 of 18
Answers on the Grid
Answers color-coded by a green-red scale on the quiz's grid according to % correct below.
Pakistan
Abyssinia
Austria-Hungary
Russia
Prussia
Bengal
Canada
Mali
Yemen
Burma
Catalonia
Ceylon
Argentina
Bhutan
Malta
Corsica
Czechoslovakia
East Pakistan
Belarus
Estonia
Lesotho
Gran Colombia
Hawaii
New Granada
Spain
Burkina Faso
Kuwait
Newfoundland
Texas
Tibet
Soviet Union
United Arab Republic
 
Answer Stats
Answer % Correct
Abyssinia
96%
Prussia
95%
Austria-Hungary
94%
Ceylon
94%
Catalonia
92%
Corsica
92%
East Pakistan
92%
Gran Colombia
92%
Czechoslovakia
91%
New Granada
91%
Soviet Union
91%
Bengal
90%
Newfoundland
90%
Hawaii
88%
Texas
88%
Burma
87%
Tibet
87%
United Arab Republic
87%
No matching quizzes found
Score Distribution
Percent of People with Each Score
Percentile by Number Answered
Your Score History
You have not taken this quiz